[Event "2.BLS 0506 Heidelberg HSH - SG Turm Tri"]
[Site "?"]
[Date "2005.12.11"]
[Round "4.6"]
[White "Neunhoeffer, Helmut Dr"]
[Black "Cioara, Andrei Nestor"]
[Result "1/2-1/2"]
[WhiteElo "2308"]
[BlackElo "2436"]
[PlyCount "99"]
[EventDate "2005.??.??"]

1. d4 e6 2. e4 d5 3. exd5 exd5 4. Nf3 Nf6 5. c4 Bb4+ 6. Nc3 O-O 7. Be2 dxc4 8.
O-O Nbd7 9. Bxc4 Nb6 10. Bb3 Nfd5 11. Qd3 Be7 12. a3 Be6 13. Ne4 Bf5 14. Nf6+
Bxf6 15. Qxf5 Re8 16. Bd2 Qc8 17. Qd3 Qg4 18. h3 Qe4 19. Qxe4 Rxe4 20. Rfe1
Rae8 21. Rxe4 Rxe4 22. a4 Ne7 23. Bg5 Nbd5 24. Bxf6 gxf6 25. Kf1 Re6 26. Bc4 a5
27. g3 Kf8 28. Re1 Rc6 29. b3 Nb6 30. Nd2 Ned5 31. Re4 Re6 32. Rh4 Kg7 33. Ne4
Nxc4 34. bxc4 Nb6 35. d5 Re5 36. Rg4+ Kf8 37. Nc5 c6 38. Nxb7 cxd5 39. c5 Nc4
40. c6 Re6 41. Rd4 Rxc6 42. Rxd5 Ra6 43. Nc5 Rd6 44. Rxd6 Nxd6 45. Ke2 Nc4 46.
Kd3 Nb6 47. Kc3 Ke7 48. Kb3 Kd6 49. Nb7+ Kd5 50. Nxa5 {(=)} 1/2-1/2

[Event "2.BLS 0506 Heidelberg HSH - SG Turm Tri"]
[Site "?"]
[Date "2005.12.11"]
[Round "4.7"]
[White "Kolbus, Dietmar"]
[Black "Syska, Albert"]
[Result "0-1"]
[WhiteElo "2413"]
[BlackElo "2230"]
[PlyCount "116"]
[EventDate "2005.??.??"]

1. c4 Nf6 2. Nc3 c5 3. g3 e6 4. Nf3 b6 5. Bg2 Bb7 6. O-O a6 7. Re1 Be7 8. e4 d6
9. d4 cxd4 10. Qxd4 O-O 11. b3 Qc7 12. Bb2 Rd8 13. Rac1 Nbd7 14. Qe3 Nc5 15.
Nd4 Bf8 16. h3 Rac8 17. g4 g6 18. g5 Nh5 19. Bf3 e5 20. Nde2 Nf4 21. Rcd1 Nce6
22. Bg4 Qe7 23. h4 h6 24. Bxe6 Nxe2+ 25. Rxe2 fxe6 26. Qxb6 hxg5 27. hxg5 Qxg5+
28. Kf1 Rd7 29. Bc1 Qh5 30. Ke1 Rf7 31. Be3 Bxe4 32. Rxd6 Bf3 33. Rd8 Qh1+ 34.
Kd2 Rxd8+ 35. Qxd8 Bxe2 36. Nxe2 Qa1 37. Nc1 Qb2+ 38. Kd1 Rh7 39. Qd2 Qb1 40.
Ke2 Qf5 41. Qd8 e4 42. Kd2 e5 43. Kc2 Rd7 44. Qa8 Kh7 45. Qxa6 Bb4 46. c5 Bxc5
47. Bxc5 e3+ 48. Kc3 exf2 49. Qf1 Qf3+ 50. Kb2 Rd2+ 51. Ka3 e4 52. Bxf2 Rxf2
53. Qc4 e3 54. Qe6 Qa8+ 55. Kb4 Qb7+ 56. Ka3 Qa7+ 57. Kb4 Rf4+ 58. Kc3 Qc5+ 0-1

[Event "2.BLS 0506 Heidelberg HSH - SG Turm Tri"]
[Site "?"]
[Date "2005.12.11"]
[Round "4.8"]
[White "Kindsvogel, Robert"]
[Black "Niklasch, Oliver"]
[Result "0-1"]
[WhiteElo "2299"]
[BlackElo "2405"]
[PlyCount "74"]
[EventDate "2005.??.??"]

1. d4 Nf6 2. c4 e6 3. Nf3 b6 4. g3 Ba6 5. b3 b5 6. Bg2 bxc4 7. Ne5 Bb4+ 8. Bd2
Bxd2+ 9. Qxd2 c6 10. bxc4 d5 11. O-O O-O 12. c5 Nfd7 13. f4 f5 14. Nc3 Nxe5 15.
fxe5 Nd7 16. Rab1 Rf7 17. Rb2 Nf8 18. Rf2 Rb8 19. e3 Rxb2 20. Qxb2 Qa5 21. Bf1
Rb7 22. Qc1 Bxf1 23. Rxf1 Rb4 24. Qc2 Rc4 25. Rc1 g5 26. Qb2 f4 27. gxf4 gxf4
28. Kf2 fxe3+ 29. Kxe3 Ng6 30. Ne4 Rxc1 31. Nf6+ Kf7 32. Qxc1 Qxa2 33. Nxh7
Qxh2 34. Ng5+ Ke7 35. Kd3 Nf4+ 36. Ke3 Ng2+ 37. Kd3 Qg3+ 0-1

[Event "2.BLS 0506 Stuttgarter SF - SC Bann"]
[Site "?"]
[Date "2006.01.15"]
[Round "5.1"]
[White "Stocek, Jiri"]
[Black "Vuckovic, Aleksandar"]
[Result "1-0"]
[WhiteElo "2580"]
[BlackElo "2365"]
[PlyCount "65"]
[EventDate "2006.??.??"]

1. c4 e5 2. g3 Nc6 3. Bg2 g6 4. Nc3 Bg7 5. Nf3 d6 6. O-O f5 7. Rb1 a5 8. a3 Nf6
9. b4 axb4 10. axb4 O-O 11. b5 Ne7 12. Bb2 h6 13. Ra1 Rxa1 14. Qxa1 b6 15. d3
g5 16. Qa7 Ng6 17. Nd2 g4 18. Ra1 Qe7 19. Qa8 Be6 20. Qb7 h5 21. Ra7 Rf7 22.
Nd5 Bxd5 23. Bxd5 Nxd5 24. Qxd5 Bh6 25. c5 dxc5 26. Nc4 Bg7 27. Nxb6 f4 28. Nc8
Qf6 29. Ra6 Qf5 30. Rxg6 Kh7 31. Rg5 Qxg5 32. Qxf7 fxg3 33. hxg3 1-0

[Event "2.BLS 0506 Stuttgarter SF - SC Bann"]
[Site "?"]
[Date "2006.01.15"]
[Round "5.2"]
[White "Vujic, Branimir"]
[Black "Bunzmann, Dimitri"]
[Result "0-1"]
[WhiteElo "2357"]
[BlackElo "2537"]
[PlyCount "134"]
[EventDate "2006.??.??"]

1. d4 e6 2. Bf4 c5 3. e3 Nf6 4. Nd2 Be7 5. Ngf3 Nh5 6. dxc5 Nxf4 7. exf4 Qa5 8.
Bd3 Qxc5 9. O-O f5 10. Re1 O-O 11. c4 Bf6 12. Rb1 Qd6 13. Qc2 Qxf4 14. c5 b6
15. cxb6 axb6 16. Qb3 Nc6 17. Qxb6 Rb8 18. Qc5 Rxb2 19. Rxb2 Bxb2 20. Rb1 Bf6
21. Bf1 Qa4 22. Bb5 Qxa2 23. Bxc6 dxc6 24. Qxc6 Rd8 25. Re1 Qd5 26. Qxd5 Rxd5
27. Nc4 Bb7 28. h3 Rc5 29. Nce5 Rc7 30. Rb1 g5 31. Re1 Bg7 32. Nd4 Bd5 33. Ndf3
h5 34. Nd3 Be4 35. Rc1 Ra7 36. Nc5 Bd5 37. Re1 Kf7 38. Ne5+ Bxe5 39. Rxe5 Ra1+
40. Kh2 Ra2 41. Kg1 g4 42. hxg4 hxg4 43. Re1 g3 44. f3 Rd2 45. Nd7 Ke7 46. Ne5
Bb3 47. Ng6+ Kf6 48. Nf4 Kg5 49. Nh3+ Kh4 50. Kh1 Rd4 51. Ng1 Rd1 52. Re3 Bd5
53. Ra3 e5 54. Ra4+ Kh5 55. Ra6 Bc4 56. Rc6 Bf1 57. Rc8 f4 58. Rc2 Kg6 59. Rb2
Kf6 60. Rb6+ Ke7 61. Rb2 Kd6 62. Rb8 Ra1 63. Rd8+ Kc5 64. Rd2 Kc4 65. Rb2 Kc3
66. Re2 e4 67. Rxe4 Ra2 0-1

[Event "2.BLS 0506 Stuttgarter SF - SC Bann"]
[Site "?"]
[Date "2006.01.15"]
[Round "5.3"]
[White "Slobodjan, Roman"]
[Black "Reuss, Andreas"]
[Result "1-0"]
[WhiteElo "2526"]
[BlackElo "2339"]
[PlyCount "81"]
[EventDate "2006.??.??"]

1. Nf3 Nf6 2. c4 c6 3. Nc3 d5 4. e3 g6 5. b4 Bg7 6. Qb3 O-O 7. Bb2 a5 8. b5 Be6
9. a4 dxc4 10. Bxc4 Bxc4 11. Qxc4 Nd5 12. O-O Nxc3 13. Bxc3 Bxc3 14. dxc3 cxb5
15. Qxb5 Qd7 16. Rfb1 Qxb5 17. Rxb5 Ra7 18. Rab1 Nd7 19. Ne5 Nxe5 20. Rxe5 e6
21. Rc5 Rd8 22. g4 Rd2 23. g5 Ra2 24. Rc8+ Kg7 25. Rc4 h6 26. h4 hxg5 27. hxg5
Rd2 28. Rb5 Rd5 29. Rxd5 exd5 30. Rc7 Kf8 31. Kf1 Ke8 32. Ke2 Kf8 33. Kd3 f6
34. gxf6 Ra6 35. Rxb7 g5 36. Rb5 Kf7 37. Rxd5 Kxf6 38. c4 g4 39. c5 Ra8 40. Rd4
Rc8 41. Rc4 1-0

[Event "2.BLS 0506 Stuttgarter SF - SC Bann"]
[Site "?"]
[Date "2006.01.15"]
[Round "5.4"]
[White "Heinatz, Thomas"]
[Black "Dolezal, Radoslav"]
[Result "0-1"]
[WhiteElo "2295"]
[BlackElo "2387"]
[PlyCount "88"]
[EventDate "2006.??.??"]

1. e4 e5 2. Nf3 Nc6 3. Bb5 a6 4. Ba4 Nf6 5. O-O Be7 6. d3 b5 7. Bb3 d6 8. a4
Bg4 9. c3 O-O 10. Nbd2 Na5 11. Ba2 c5 12. h3 Bd7 13. b4 cxb4 14. cxb4 Nc6 15.
Rb1 bxa4 16. Qxa4 d5 17. Bxd5 Nxb4 18. Qb3 Nfxd5 19. exd5 Bb5 20. Nxe5 Qxd5 21.
Qxd5 Nxd5 22. Ne4 Rfe8 23. Nc4 Rad8 24. Bd2 Nf6 25. Nxf6+ Bxf6 26. Bf4 Re7 27.
Rfd1 Red7 28. Ne5 Rd5 29. Re1 g5 30. Ng4 Bg7 31. Be5 Bxe5 32. Rxe5 Rxe5 33.
Nxe5 f6 34. Ng4 Kf7 35. f4 gxf4 36. Rb4 h5 37. Nf2 f3 38. gxf3 Bxd3 39. Rb7+
Kg6 40. Kg2 Bb5 41. Ra7 h4 42. Ne4 f5 43. Nf2 Kg5 44. Rg7+ Kf4 0-1

[Event "2.BLS 0506 Stuttgarter SF - SC Bann"]
[Site "?"]
[Date "2006.01.15"]
[Round "5.5"]
[White "Nun, Jiri"]
[Black "Lorscheid, Gerhard"]
[Result "1-0"]
[WhiteElo "2376"]
[BlackElo "2262"]
[PlyCount "50"]
[EventDate "2006.??.??"]

1. e4 d6 2. d4 Nf6 3. Nc3 e5 4. dxe5 dxe5 5. Qxd8+ Kxd8 6. a3 Bd6 7. Bc4 Be6 8.
Bxe6 fxe6 9. Nge2 Nc6 10. Be3 a6 11. f3 Ke7 12. Nb1 b5 13. Nd2 Nd7 14. Rc1 Bc5
15. Bg5+ Nf6 16. b4 Ba7 17. c4 Kd6 18. Nb3 Rhb8 19. c5+ Ke7 20. Rd1 Rd8 21. Na1
Rxd1+ 22. Kxd1 a5 23. bxa5 h6 24. Bd2 Nd7 25. Bb4 Ndb8 1-0

[Event "2.BLS 0506 Stuttgarter SF - SC Bann"]
[Site "?"]
[Date "2006.01.15"]
[Round "5.6"]
[White "Fritsch, Rolf"]
[Black "Muraniy, Karl-Jasmin"]
[Result "0-1"]
[WhiteElo "2220"]
[BlackElo "2359"]
[PlyCount "120"]
[EventDate "2006.??.??"]

1. d4 d5 2. c4 c6 3. Nf3 Bf5 4. Qb3 Qb6 5. Qxb6 axb6 6. cxd5 Bxb1 7. Rxb1 cxd5
8. a3 Nf6 9. Bf4 Nc6 10. e3 e6 11. Bd3 Be7 12. O-O O-O 13. Rfc1 Rfc8 14. h3 Ne8
15. Rc3 Bd6 16. Bxd6 Nxd6 17. Rb3 b5 18. Bxb5 Na5 19. Rb4 Kf8 20. Bd3 h6 21.
Kf1 Ke7 22. Ke1 f6 23. Bb5 Nc6 24. Rb3 Na5 25. Rb4 Nc6 26. Bxc6 bxc6 27. Rc1
Kd7 28. Rc2 Rcb8 29. Rxb8 Rxb8 30. Kd1 Nc4 31. Kc1 e5 32. Nd2 Nd6 33. Nf3 e4
34. Nd2 f5 35. Kd1 g5 36. g3 h5 37. Ke2 Rh8 38. Rc1 h4 39. Rg1 hxg3 40. Rxg3
Nf7 41. f4 gxf4 42. exf4 Nd8 43. Nb3 Ne6 44. Nc5+ Nxc5 45. dxc5 d4 46. b4 Ke6
47. Rg6+ Kd5 48. Rd6+ Kc4 49. Rxc6 Rxh3 50. Re6 d3+ 51. Kf2 d2 52. Ke2 Kc3 53.
Rd6 Rh2+ 54. Ke3 Kc2 55. c6 Rh3+ 56. Kf2 Rc3 57. Ke2 Rd3 58. Rxd3 exd3+ 59. Kf2
d1=Q 60. c7 Qd2+ 0-1

[Event "2.BLS 0506 Stuttgarter SF - SC Bann"]
[Site "?"]
[Date "2006.01.15"]
[Round "5.7"]
[White "Baerwinkel, Tobias"]
[Black "Gabriel, Robert J"]
[Result "1-0"]
[WhiteElo "2266"]
[BlackElo "2227"]
[PlyCount "99"]
[EventDate "2006.??.??"]

1. e4 c5 2. Nf3 e6 3. d3 d5 4. Nbd2 Nc6 5. g3 dxe4 6. dxe4 b6 7. Bb5 Bb7 8. Ne5
Qd6 9. Nxc6 Bxc6 10. Qe2 Bxb5 11. Qxb5+ Qd7 12. a4 Nf6 13. f3 Be7 14. Nc4 O-O
15. Qxd7 Nxd7 16. Ke2 Rfd8 17. Rd1 Rac8 18. Bf4 Nb8 19. a5 b5 20. Nd6 Bxd6 21.
Bxd6 Na6 22. Be7 Re8 23. Rd7 Nb4 24. c3 Nc6 25. Bxc5 a6 26. f4 Nb8 27. Re7 Rxe7
28. Bxe7 f6 29. Bd6 Nc6 30. Bc5 Kf7 31. Bb6 f5 32. Rd1 fxe4 33. Rd7+ Kf6 34.
Ke3 e5 35. f5 Kxf5 36. Rxg7 h5 37. h4 b4 38. Rg5+ Ke6 39. Kxe4 bxc3 40. bxc3
Rf8 41. Rxh5 Rf1 42. Rh6+ Kd7 43. h5 Re1+ 44. Kd3 Ne7 45. g4 Nd5 46. Kd2 Rh1
47. c4 Nf4 48. c5 Rh2+ 49. Ke3 Nd5+ 50. Ke4 1-0

[Event "2.BLS 0506 Stuttgarter SF - SC Bann"]
[Site "?"]
[Date "2006.01.15"]
[Round "5.8"]
[White "Hottes, Dieter"]
[Black "Mozny, Mylos"]
[Result "0-1"]
[WhiteElo "2179"]
[BlackElo "2364"]
[PlyCount "59"]
[EventDate "2006.??.??"]

1. d4 d5 2. Nf3 c6 3. g3 Bf5 4. Bg2 e6 5. c4 Nd7 6. Nc3 h6 7. O-O Be7 8. b3
Ngf6 9. Bb2 h5 10. h4 Ne4 11. Nd2 Nxc3 12. Bxc3 g5 13. e4 dxe4 14. Nxe4 Bxe4
15. Bxe4 gxh4 16. d5 Bf6 17. dxe6 Bxc3 18. Qf3 fxe6 19. Bg6+ Ke7 20. Qxc3 Rg8
21. Bh7 Rg5 22. Rad1 Qc7 23. Rfe1 hxg3 24. f4 Qxf4 25. Rf1 Qe5 26. Qf3 Rf8 27.
Rxd7+ Kxd7 28. Qd3+ Ke7 29. Rxf8 Qc5+ 30. Kg2 0-1

[Event "2.BLS 0506 SC HP Böblingen - SK Viernhe"]
[Site "?"]
[Date "2006.01.15"]
[Round "5.1"]
[White "Boguslavsky, Oleh"]
[Black "Dausch, Rene"]
[Result "1-0"]
[WhiteElo "2386"]
[BlackElo "2387"]
[PlyCount "59"]
[EventDate "2006.??.??"]

1. e4 Nf6 2. e5 Nd5 3. d4 d6 4. c4 Nb6 5. exd6 exd6 6. h3 Be7 7. Nf3 Bf5 8. Bd3
Bxd3 9. Qxd3 O-O 10. O-O Nc6 11. Bf4 Bf6 12. Nbd2 d5 13. c5 Nc4 14. Nxc4 dxc4
15. Qxc4 Nxd4 16. Ne5 Bxe5 17. Bxe5 Nc6 18. Bc3 Qg5 19. Rad1 Rad8 20. b4 Rxd1
21. Rxd1 Rd8 22. Re1 h6 23. Re3 Rd1+ 24. Kh2 Nd4 25. Re8+ Kh7 26. Qxf7 Nf5 27.
Qg8+ Kg6 28. Re6+ Kh5 29. Qf7+ g6 30. g4+ 1-0

[Event "2.BLS 0506 SC HP Böblingen - SK Viernhe"]
[Site "?"]
[Date "2006.01.15"]
[Round "5.2"]
[White "Gheng, Josef"]
[Black "Beikert, Guenther Dr"]
[Result "0-1"]
[WhiteElo "2341"]
[BlackElo "2428"]
[PlyCount "110"]
[EventDate "2006.??.??"]

1. c4 e5 2. g3 c6 3. Bg2 d5 4. cxd5 cxd5 5. Qb3 Nf6 6. Nc3 Nc6 7. d3 Nd4 8. Qd1
h6 9. f4 exf4 10. Qa4+ Nc6 11. Bxf4 Be7 12. Nf3 O-O 13. a3 d4 14. Nb5 Nd5 15.
Nbxd4 Nxf4 16. gxf4 Bh4+ 17. Kf1 Re8 18. Nxc6 bxc6 19. Qd4 Qe7 20. Nxh4 Qxh4
21. Rc1 Bg4 22. Rc2 Rad8 23. Qf2 Qf6 24. h3 Bh5 25. Rg1 Bg6 26. f5 Bxf5 27. e4
Rxd3 28. Qxf5 Rd1+ 29. Ke2 Qxf5 30. Rxd1 Qh5+ 31. Ke1 f5 32. Rxc6 Qh4+ 33. Kf1
fxe4 34. Rc2 e3 35. Re2 Kh7 36. Kg1 h5 37. Rd5 Kh6 38. Rf5 g6 39. Rf3 Qd4 40.
Bf1 Re5 41. Rg3 Qf4 42. Reg2 g5 43. Be2 Rc5 44. Rf3 Rc1+ 45. Rf1 Rxf1+ 46. Bxf1
Qf3 47. Re2 Qg3+ 48. Kh1 Kg6 49. b4 Kf5 50. b5 Ke4 51. a4 Qc7 52. Rg2 Qc1 53.
Kg1 Qa1 54. a5 Qxa5 55. Rxg5 e2 0-1

[Event "2.BLS 0506 SC HP Böblingen - SK Viernhe"]
[Site "?"]
[Date "2006.01.15"]
[Round "5.3"]
[White "Mandel, Andreas"]
[Black "Bauer, Peter"]
[Result "1/2-1/2"]
[WhiteElo "2410"]
[BlackElo "2295"]
[PlyCount "105"]
[EventDate "2006.??.??"]

1. Nf3 Nf6 2. c4 b6 3. g3 Bb7 4. Bg2 c5 5. O-O e6 6. Nc3 Be7 7. d4 cxd4 8. Qxd4
O-O 9. Rd1 d6 10. b3 a6 11. e4 Nbd7 12. Ba3 Nc5 13. e5 dxe5 14. Qxd8 Rfxd8 15.
Nxe5 Bxg2 16. Kxg2 Bf8 17. Bxc5 Bxc5 18. Na4 Rac8 19. Nxc5 bxc5 20. Kf3 Kf8 21.
Ke3 Ke8 22. h3 Nd7 23. Nd3 Ke7 24. Rab1 a5 25. Rd2 f6 26. h4 e5 27. Rbd1 Nb6
28. f4 exf4+ 29. Nxf4 Rxd2 30. Rxd2 a4 31. Ke4 axb3 32. axb3 Ra8 33. Nd5+ Nxd5
34. Rxd5 Rc8 35. Rh5 h6 36. Rd5 g6 37. h5 gxh5 38. Rxh5 Rb8 39. Rxc5 Rxb3 40.
Kf4 Rc3 41. Rc6 h5 42. c5 Rc4+ 43. Kf5 Rg4 44. Rc7+ Kd8 45. Rh7 Rxg3 46. Kxf6
Rc3 47. Ke5 h4 48. Kd6 Rd3+ 49. Kc6 h3 50. Rh8+ Ke7 51. Kc7 Kf6 52. c6 Kg5 53.
Kb7 1/2-1/2

[Event "2.BLS 0506 SC HP Böblingen - SK Viernhe"]
[Site "?"]
[Date "2006.01.15"]
[Round "5.4"]
[White "Ortmann, David"]
[Black "Nguyen, Chi Minh"]
[Result "1/2-1/2"]
[WhiteElo "2294"]
[BlackElo "2371"]
[PlyCount "117"]
[EventDate "2006.??.??"]

1. Nf3 b6 2. g3 Bb7 3. Bg2 f5 4. O-O Nf6 5. c4 g6 6. d4 Bg7 7. Nc3 O-O 8. d5
Na6 9. Rb1 Nc5 10. Nd4 e5 11. Nf3 Nfe4 12. Nxe4 Nxe4 13. Nd2 Nxd2 14. Bxd2 c5
15. Bc3 d6 16. f4 e4 17. Qd2 h5 18. e3 Bxc3 19. Qxc3 Qf6 20. Qxf6 Rxf6 21. Rf2
b5 22. b4 bxc4 23. bxc5 Bxd5 24. Rd2 Bf7 25. cxd6 Rd8 26. d7 Rb6 27. Rxb6 axb6
28. a4 Kf8 29. Rd6 Ke7 30. Rxb6 Kxd7 31. Bf1 c3 32. Bb5+ Ke7 33. Rc6 Rd1+ 34.
Kf2 Rc1 35. Rc7+ Kf8 36. Bc4 c2 37. Bxf7 Rh1 38. Bxg6 c1=Q 39. Rxc1 Rxc1 40.
Bxf5 Rc2+ 41. Kg1 Re2 42. Bxe4 Rxe3 43. Bc6 Rc3 44. Bb5 Rc2 45. h3 Rb2 46. h4
Kg7 47. Be8 Kh6 48. f5 Rb8 49. Bd7 Rd8 50. Be6 Ra8 51. Bb3 Rf8 52. Be6 Ra8 53.
Bd7 Rd8 54. Bb5 Rf8 55. Kf2 Rxf5+ 56. Ke3 Rf8 57. Ke4 Rc8 58. Kf4 Rf8+ 59. Ke4
1/2-1/2

[Event "2.BLS 0506 SC HP Böblingen - SK Viernhe"]
[Site "?"]
[Date "2006.01.15"]
[Round "5.5"]
[White "Carbonnel, Pierre"]
[Black "Kabisch, Thilo"]
[Result "0-1"]
[WhiteElo "2275"]
[BlackElo "2330"]
[PlyCount "136"]
[EventDate "2006.??.??"]

1. e4 c5 2. Nf3 e6 3. Nc3 Nc6 4. d4 cxd4 5. Nxd4 a6 6. Be3 Nge7 7. Nb3 Ng6 8.
g3 Be7 9. h4 d6 10. h5 Nge5 11. f4 Nd7 12. Qd2 b5 13. Qf2 Bb7 14. Bg2 Rc8 15.
O-O-O Na5 16. h6 g6 17. Bd4 O-O 18. Bg7 Re8 19. f5 Nc4 20. fxe6 fxe6 21. Bh3
Bg5+ 22. Kb1 b4 23. Rhf1 Qe7 24. Nd4 Nc5 25. Na4 Nxe4 26. Qe1 Bd5 27. Nb3 Ne3
28. Nb6 Rxc2 29. Nxd5 exd5 30. Nd4 Nxd1 31. Nxc2 Nd2+ 32. Ka1 Qxe1 33. Rxe1
Rxe1 34. Nxe1 Kf7 35. Nc2 Ne3 36. Nd4 Bf6 37. Be6+ Ke7 38. Bxf6+ Kxf6 39. Bg8
Kg5 40. Bxh7 Kxh6 41. Bg8 Kg7 42. Be6 Ne4 43. g4 Nc5 44. Bc8 Nc4 45. g5 Ne5 46.
Kb1 Kf7 47. Kc2 Ke7 48. Bh3 Ne4 49. Bg2 Kd7 50. Kb3 Nd3 51. Bh3+ Kc7 52. Ne6+
Kb6 53. Kc2 Nec5 54. a3 b3+ 55. Kc3 Nf2 56. Nxc5 dxc5 57. Be6 Ne4+ 58. Kxb3 c4+
59. Kc2 Kc5 60. Bf7 d4 61. Bxg6 d3+ 62. Kc1 Nxg5 63. b3 Nf3 64. Be4 Ne5 65. b4+
Kd4 66. Bb7 Kc3 67. Bxa6 d2+ 68. Kd1 Nd3 0-1

[Event "2.BLS 0506 SC HP Böblingen - SK Viernhe"]
[Site "?"]
[Date "2006.01.15"]
[Round "5.6"]
[White "Tuncer, Ufuk"]
[Black "Schmidt, Stefan"]
[Result "1-0"]
[WhiteElo "2295"]
[BlackElo "2234"]
[PlyCount "69"]
[EventDate "2006.??.??"]

1. Nf3 c5 2. g3 Nc6 3. Bg2 e5 4. O-O g6 5. c4 Bg7 6. Nc3 Nge7 7. d3 d6 8. Rb1
a6 9. Ne1 Be6 10. Nc2 a5 11. a3 O-O 12. Ne3 Rb8 13. Ned5 Bxd5 14. cxd5 Na7 15.
b4 cxb4 16. axb4 b5 17. Be3 Qc7 18. bxa5 b4 19. Na2 Qxa5 20. Bxa7 Qxa7 21. Nxb4
Qa3 22. Nc6 Rbe8 23. Qd2 Nf5 24. e3 Ra8 25. Rfc1 Bh6 26. Bh3 Nd4 27. Qd1 Nxc6
28. dxc6 d5 29. c7 f5 30. Bg2 e4 31. dxe4 dxe4 32. Qd5+ Kh8 33. Bf1 Bg7 34. Bb5
Qa7 35. Bd7 1-0

[Event "2.BLS 0506 SC HP Böblingen - SK Viernhe"]
[Site "?"]
[Date "2006.01.15"]
[Round "5.7"]
[White "Martin, Stefan"]
[Black "Boehm, Martin"]
[Result "1-0"]
[WhiteElo "2273"]
[BlackElo "2254"]
[PlyCount "111"]
[EventDate "2006.??.??"]

1. d4 Nf6 2. c4 e6 3. Nf3 c5 4. Nc3 cxd4 5. Nxd4 a6 6. g3 Bb4 7. Bg2 O-O 8. O-O
d6 9. Bd2 Nbd7 10. Nc2 Ba5 11. b4 Bc7 12. e4 Ne5 13. Qe2 Bd7 14. Rfd1 Qb8 15.
a4 Rc8 16. Na3 Nc6 17. Rab1 a5 18. b5 Nb4 19. Bg5 Be8 20. Bxf6 gxf6 21. Qg4+
Kh8 22. Qf4 Bd8 23. Qxd6 Qxd6 24. Rxd6 Be7 25. Rd2 Rab8 26. Bf1 Rc5 27. Rbd1
Rbc8 28. Nab1 Kg7 29. Rb2 Bd8 30. Nd2 Bb6 31. Kg2 Kg6 32. f3 h5 33. Be2 Kg7 34.
Na2 Nxa2 35. Rxa2 f5 36. Rc2 f6 37. exf5 Rxf5 38. Ne4 Bc5 39. Nd6 Bxd6 40. Rxd6
Re5 41. Kf2 Kf7 42. Rcd2 Ke7 43. f4 Rec5 44. Ke3 R8c7 45. h4 e5 46. Rd8 exf4+
47. gxf4 Bd7 48. Rh8 Bg4 49. Bd3 Ke6 50. Kd4 b6 51. Re8+ Kf7 52. Rb8 Be6 53.
Rh8 Rd7+ 54. Ke3 Rd6 55. Bg6+ Ke7 56. Rh7+ 1-0

[Event "2.BLS 0506 SC HP Böblingen - SK Viernhe"]
[Site "?"]
[Date "2006.01.15"]
[Round "5.8"]
[White "Heinl, Thomas"]
[Black "Tresch, Ralf"]
[Result "1-0"]
[WhiteElo "2248"]
[BlackElo "2236"]
[PlyCount "89"]
[EventDate "2006.??.??"]

1. e4 c5 2. Nf3 Nc6 3. d4 cxd4 4. Nxd4 e5 5. Nb5 a6 6. Nd6+ Bxd6 7. Qxd6 Qf6 8.
Qd1 Qg6 9. Nc3 Nf6 10. Qd6 Nh5 11. Qxg6 hxg6 12. Be3 b5 13. a4 b4 14. Nd5 O-O
15. Bc5 Rd8 16. Nxb4 Bb7 17. Nd5 d6 18. Bb6 Rd7 19. Be2 Nf6 20. Nxf6+ gxf6 21.
Bg4 Re7 22. O-O-O Nd4 23. Bxd4 exd4 24. f3 d5 25. Rxd4 dxe4 26. fxe4 Bxe4 27.
Re1 f5 28. Bf3 Rae8 29. Kd2 Kg7 30. b4 g5 31. h3 Kf6 32. c4 Ke5 33. Kc3 Kf4 34.
b5 Kg3 35. c5 axb5 36. axb5 Bxf3 37. Rxe7 Rxe7 38. gxf3 Kxf3 39. Rd3+ Kf2 40.
c6 g4 41. b6 g3 42. c7 g2 43. c8=Q g1=Q 44. Qxf5+ Ke1 45. Rd1+ 1-0

[Event "2.BLS 0506 SG Turm Trier - Bad Mergenth"]
[Site "?"]
[Date "2006.01.15"]
[Round "5.1"]
[White "Ivanov, Mikhail M"]
[Black "Kotronias, Vasilios"]
[Result "1-0"]
[WhiteElo "2457"]
[BlackElo "2626"]
[PlyCount "67"]
[EventDate "2006.??.??"]

1. d4 Nf6 2. g3 c5 3. d5 e6 4. Nc3 d6 5. Bg2 Be7 6. e4 exd5 7. exd5 O-O 8. Nge2
Na6 9. h3 Nc7 10. a4 b6 11. O-O a6 12. g4 Rb8 13. Rb1 h5 14. g5 Nfe8 15. h4 g6
16. b4 Bg4 17. f3 Bd7 18. Ng3 Ng7 19. Re1 Re8 20. Bb2 f5 21. Qd2 Bf8 22. Nce2
Qe7 23. Nf4 Qf7 24. c4 Bxa4 25. Qc3 Rxe1+ 26. Rxe1 Re8 27. Rf1 cxb4 28. Qf6 Bc2
29. Nxg6 f4 30. Ne4 Bxe4 31. fxe4 Be7 32. Nxe7+ Rxe7 33. Qh6 f3 34. g6 1-0

[Event "2.BLS 0506 SG Turm Trier - Bad Mergenth"]
[Site "?"]
[Date "2006.01.15"]
[Round "5.2"]
[White "Jaracz, Pawel"]
[Black "Thorhallsson, Throstur"]
[Result "1/2-1/2"]
[WhiteElo "2492"]
[BlackElo "2454"]
[PlyCount "48"]
[EventDate "2006.??.??"]

1. d4 d5 2. c4 e6 3. Nf3 c6 4. e3 Nf6 5. Bd3 Nbd7 6. O-O Bd6 7. Nc3 dxc4 8.
Bxc4 O-O 9. e4 e5 10. Bb3 Qe7 11. Be3 exd4 12. Bxd4 Ne5 13. Nxe5 Bxe5 14. Bxe5
Qxe5 15. f4 Qc5+ 16. Kh1 Be6 17. e5 Bxb3 18. axb3 Rfd8 19. Qf3 Nd5 20. Rae1
Nxc3 21. bxc3 Qd5 22. Qg4 Re8 23. c4 Qd4 24. h4 Re6 1/2-1/2

[Event "2.BLS 0506 SG Turm Trier - Bad Mergenth"]
[Site "?"]
[Date "2006.01.15"]
[Round "5.3"]
[White "Karpatchev, Aleksandr"]
[Black "Flumbort, Andras"]
[Result "1/2-1/2"]
[WhiteElo "2507"]
[BlackElo "2448"]
[PlyCount "82"]
[EventDate "2006.??.??"]

1. e4 c5 2. c3 Nf6 3. e5 Nd5 4. Nf3 Nc6 5. Bc4 Nb6 6. Bb3 d5 7. exd6 Qxd6 8.
O-O Be6 9. Bxe6 Qxe6 10. a4 Rd8 11. a5 Nd5 12. a6 b6 13. d4 cxd4 14. Nxd4 Qd7
15. Nb5 e6 16. Qa4 Nc7 17. Nxc7+ Qxc7 18. Bf4 Bd6 19. Bxd6 Qxd6 20. Na3 O-O 21.
Rad1 Qc7 22. Qc4 Rxd1 23. Rxd1 Rd8 24. Rxd8+ Qxd8 25. g3 Qd7 26. Nb5 h6 27. Qe4
f5 28. Qe2 Kf7 29. b4 Kf6 30. c4 e5 31. c5 bxc5 32. bxc5 Qd5 33. Qc2 Nb4 34.
Nc7 Nxc2 35. Nxd5+ Ke6 36. c6 Nd4 37. c7 Kd7 38. Kf1 g5 39. h4 gxh4 40. gxh4 f4
41. Kg2 e4 1/2-1/2

[Event "2.BLS 0506 SG Turm Trier - Bad Mergenth"]
[Site "?"]
[Date "2006.01.15"]
[Round "5.4"]
[White "Seger, Ruediger"]
[Black "Gasthofer, Alexander"]
[Result "1/2-1/2"]
[WhiteElo "2413"]
[BlackElo "2418"]
[PlyCount "46"]
[EventDate "2006.??.??"]

1. e4 e6 2. d4 d5 3. Nd2 c5 4. exd5 exd5 5. Ngf3 Nc6 6. Bb5 Bd6 7. dxc5 Bxc5 8.
O-O Nge7 9. Nb3 Bd6 10. Bg5 O-O 11. Bh4 Qc7 12. Bg3 Rd8 13. c3 Bg4 14. Be2 Bxg3
15. hxg3 Bxf3 16. Bxf3 Qb6 17. Re1 a5 18. Qd2 a4 19. Nd4 Nxd4 20. Qxd4 Qxd4 21.
cxd4 Nc6 22. Rad1 a3 23. bxa3 g6 1/2-1/2

[Event "2.BLS 0506 SG Turm Trier - Bad Mergenth"]
[Site "?"]
[Date "2006.01.15"]
[Round "5.5"]
[White "Gasthofer, Viktor"]
[Black "Galyas, Miklos"]
[Result "0-1"]
[WhiteElo "2330"]
[BlackElo "2424"]
[PlyCount "60"]
[EventDate "2006.??.??"]

1. Nf3 Nf6 2. g3 g6 3. Bg2 Bg7 4. O-O O-O 5. c4 d6 6. d4 Nbd7 7. Nc3 e5 8. h3
exd4 9. Nxd4 Nb6 10. b3 d5 11. c5 Nbd7 12. c6 Ne5 13. cxb7 Bxb7 14. Ba3 Re8 15.
Rc1 Rc8 16. Na4 Ne4 17. Rc2 h5 18. Nc5 Nxc5 19. Bxc5 Nd7 20. b4 Nxc5 21. Rxc5
c6 22. e3 Bf8 23. Rc1 Bxb4 24. Qb3 Qe7 25. Rb1 Ba6 26. Rfc1 Bc5 27. Qa4 Bc4 28.
Rxc4 dxc4 29. Bxc6 Rb8 30. Rc1 Rb4 0-1

[Event "2.BLS 0506 SG Turm Trier - Bad Mergenth"]
[Site "?"]
[Date "2006.01.15"]
[Round "5.6"]
[White "Cioara, Andrei Nestor"]
[Black "Bogdanovich, Grigory"]
[Result "1-0"]
[WhiteElo "2436"]
[BlackElo "2349"]
[PlyCount "115"]
[EventDate "2006.??.??"]

1. e4 c5 2. Nf3 Nf6 3. e5 Nd5 4. Nc3 Nxc3 5. dxc3 Nc6 6. Bf4 h6 7. h4 Qb6 8.
Qc1 e6 9. Nd2 Qc7 10. Nc4 b5 11. Nd6+ Bxd6 12. exd6 Qa5 13. Rh3 b4 14. cxb4
cxb4 15. Qd2 Ba6 16. Rg3 Kf8 17. a3 f5 18. Bxa6 Qxa6 19. O-O-O Rb8 20. Re1 Qb5
21. axb4 Qxb4 22. b3 Kf7 23. Rc3 Qa3+ 24. Kd1 Qa1+ 25. Ke2 Qa6+ 26. Kf3 Qb7 27.
h5 Rhe8 28. Kg3 e5 29. Qd5+ Kf6 30. Bd2 Nd4 31. Qa5 Nc6 32. Qa1 Kf7 33. Rc5 Re6
34. Bc3 Rbe8 35. Qd1 Qb8 36. Rd5 Qd8 37. Kh2 Qg5 38. Qf3 Kg8 39. Kg1 f4 40. Re4
Qf5 41. Qd3 Qg5 42. Rc5 Qd8 43. b4 Kh8 44. b5 Nd4 45. Bxd4 exd4 46. Rxf4 Rxd6
47. Rxd4 Rde6 48. Rf5 Qb8 49. g3 Qb7 50. Qf3 Qxf3 51. Rxf3 Re5 52. c4 Rxh5 53.
Ra3 Rc5 54. Rxa7 d5 55. b6 Rb8 56. cxd5 Rxb6 57. Ra8+ Kh7 58. d6 1-0